[Event "TuRa Harksheide-SG Burgtonna"]
[Site "?"]
[Date "2010.12.28"]
[Round "3.1"]
[White "Sieber, Fiona"]
[Black "Polert, Annika"]
[Result "1/2-1/2"]
[WhiteElo "1582"]
[BlackElo "1762"]
[PlyCount "66"]
[EventDate "2010.??.??"]
[WhiteTeam "SG Burgtonna"]
[BlackTeam "TuRa Harksheide"]

1. e4 c5 2. Nf3 Nc6 3. d4 cxd4 4. Nxd4 Nf6 5. Nc3 e5 6. Ndb5 d6 7. Bg5 a6 8.
Na3 b5 9. Nd5 Be7 10. Bxf6 Bxf6 11. Be2 O-O 12. O-O Bg5 13. c3 Be6 14. Qd3 f5
15. Bf3 Ra7 16. Nc2 Raf7 17. Rad1 fxe4 18. Bxe4 h6 19. Bg6 Rd7 20. Nce3 Bxe3
21. fxe3 Ne7 22. Nxe7+ Qxe7 23. Rxf8+ Qxf8 24. Rf1 Qd8 25. Qe4 Bc4 26. Rd1 Qf8
27. b3 Be6 28. Rf1 Qb8 29. Qc6 Qb7 30. Qxb7 Rxb7 31. e4 d5 32. exd5 Bxd5 33.
Rd1 Rd7 1/2-1/2

[Event "TuRa Harksheide-SG Burgtonna"]
[Site "?"]
[Date "2010.12.28"]
[Round "3.2"]
[White "Diederichs, Luise"]
[Black "Gast, Antonia"]
[Result "1-0"]
[WhiteElo "1678"]
[BlackElo "1381"]
[PlyCount "77"]
[EventDate "2010.??.??"]
[WhiteTeam "TuRa Harksheide"]
[BlackTeam "SG Burgtonna"]

1. d4 {[%emt 0:00:00]} Nf6 2. c4 d6 3. Nc3 Nbd7 4. e4 e5 5. d5 Nc5 6. Nf3 Ncxe4
7. Nxe4 Nxe4 8. Qc2 Nf6 9. Bd3 Be7 10. h3 O-O 11. g4 g6 12. Bh6 Re8 13. Nd2 Bf8
14. Bxf8 Kxf8 15. O-O-O Bd7 16. f3 c6 17. dxc6 Bxc6 18. h4 d5 19. Kb1 Qa5 20.
Nb3 Qd8 21. cxd5 Nxd5 22. Be4 Ne3 23. Rxd8 Nxc2 24. Rxe8+ Rxe8 25. Kxc2 Bxe4+
26. fxe4 Rd8 27. Rd1 Rc8+ 28. Kb1 Ke7 29. Rd5 f6 30. g5 fxg5 31. Rxe5+ Kd6 32.
Rd5+ Kc6 33. Nd4+ Kb6 34. hxg5 Rf8 35. Rd6+ Ka5 36. Nb3+ Kb5 37. e5 Rh8 38. e6
Re8 39. Rd7 1-0

[Event "TuRa Harksheide-SG Burgtonna"]
[Site "?"]
[Date "2010.12.28"]
[Round "3.3"]
[White "Halle, Julia"]
[Black "Zimmermann, Jasmin"]
[Result "0-1"]
[WhiteElo "1152"]
[BlackElo "1534"]
[PlyCount "62"]
[EventDate "2010.??.??"]
[WhiteTeam "SG Burgtonna"]
[BlackTeam "TuRa Harksheide"]

1. e4 c6 2. d4 d5 3. exd5 cxd5 4. Nf3 Nc6 5. Bf4 Bf5 6. a3 e6 7. Be2 Bd6 8. Be3
Nge7 9. O-O O-O 10. Nbd2 Rc8 11. Rc1 Qb6 12. Nb3 Rc7 13. c4 dxc4 14. Bxc4 Nd5
15. Bxd5 exd5 16. Re1 Na5 17. Nxa5 Rxc1 18. Qxc1 Qxa5 19. Nd2 Rc8 20. Qd1 h6
21. Qf3 Bg6 22. g3 Rc2 23. Re2 Rxb2 24. Kg2 Bxa3 25. Bf4 Rc2 26. Re8+ Kh7 27.
Kh3 Bb4 28. Bxh6 Bxd2 29. Bxd2 Qxd2 30. Re2 Qxe2 31. Qxe2 Rxe2 0-1

[Event "SG Oesede-Georgsmarienhütte-SC Diogenes"]
[Site "?"]
[Date "2010.12.28"]
[Round "3.1"]
[White "Lemke, Berfîn"]
[Black "Manusina, Nicole"]
[Result "1/2-1/2"]
[WhiteElo "1509"]
[BlackElo "1697"]
[PlyCount "60"]
[EventDate "2010.??.??"]
[WhiteTeam "SC Diogenes"]
[BlackTeam "SG Oesede-Georgsmarienhütte"]

1. e4 c6 2. d4 d5 3. Nc3 dxe4 4. Nxe4 Bf5 5. Ng3 Bg6 6. h4 h6 7. h5 Bh7 8. Nf3
Nd7 9. Bd3 Bxd3 10. Qxd3 Ngf6 11. Bd2 Qc7 12. O-O-O O-O-O 13. Ne4 Nxe4 14. Qxe4
Nf6 15. Qd3 e6 16. Ne5 Bd6 17. Bf4 Kb8 18. c4 c5 19. Qc3 Rhf8 20. dxc5 Qxc5 21.
Qd4 Qxd4 22. Rxd4 Bxe5 23. Bxe5+ Kc8 24. Bxf6 gxf6 25. Rhd1 Rxd4 26. Rxd4 Rg8
27. g4 Rg5 28. Rf4 f5 29. f3 Kd7 30. Kd2 Ke7 1/2-1/2

[Event "SG Oesede-Georgsmarienhütte-SC Diogenes"]
[Site "?"]
[Date "2010.12.28"]
[Round "3.2"]
[White "Böhm, Jana"]
[Black "Hölzer, Jeanette"]
[Result "1-0"]
[WhiteElo "1442"]
[BlackElo "1286"]
[PlyCount "81"]
[EventDate "2010.??.??"]
[WhiteTeam "SG Oesede-Georgsmarienhütte"]
[BlackTeam "SC Diogenes"]

1. e4 e5 2. Nf3 Nc6 3. Bb5 a6 4. Ba4 Nf6 5. O-O b5 6. Bb3 Be7 7. Re1 O-O 8. c3
d5 9. exd5 Nxd5 10. Nxe5 Nxe5 11. Rxe5 c6 12. d4 Bd6 13. Re1 Qh4 14. g3 Qh3 15.
Re4 g5 16. Qf1 Qh5 17. Bd1 Qg6 18. Nd2 Bf5 19. Re1 Rae8 20. Nf3 f6 21. Bd2 Bg4
22. Ne5 fxe5 23. Bxg4 Re7 24. dxe5 Bxe5 25. Re2 h5 26. Bh3 g4 27. Bg2 Qd6 28.
Rae1 h4 29. Bxd5+ cxd5 30. Bg5 Re6 31. Bxh4 Rf5 32. h3 Rg6 33. hxg4 Rxg4 34.
Qh3 Rxh4 35. Qxh4 Kf7 36. Qh7+ Kf6 37. Qh6+ Ke7 38. Qg7+ Ke8 39. Rxe5+ Rxe5 40.
Qxe5+ Qxe5 41. Rxe5+ 1-0

[Event "SG Oesede-Georgsmarienhütte-SC Diogenes"]
[Site "?"]
[Date "2010.12.28"]
[Round "3.3"]
[White "Roth, Mona"]
[Black "Hinzke, Anna-Lena"]
[Result "1-0"]
[WhiteElo "1099"]
[BlackElo "1068"]
[PlyCount "59"]
[EventDate "2010.??.??"]
[WhiteTeam "SC Diogenes"]
[BlackTeam "SG Oesede-Georgsmarienhütte"]

1. e4 {[%emt 0:00:00]} c5 {[%emt 0:00:00]} 2. Nf3 Nc6 3. d4 cxd4 4. Nxd4 e6 5.
Nc3 Nge7 6. Be3 g6 7. Qd2 Bg7 8. f3 O-O 9. O-O-O d5 10. Kb1 Re8 11. h4 a6 12.
h5 Qd6 13. hxg6 fxg6 14. g4 Nxd4 15. Bxd4 dxe4 16. Nxe4 Qc6 17. Bxg7 Kxg7 18.
Qh6+ Kf7 19. Qxh7+ Kf8 20. Qh8+ Ng8 21. Nf6 e5 22. Qxg8+ Ke7 23. Rh7+ Kxf6 24.
Qf7+ Kg5 25. f4+ exf4 26. Rd5+ Kxg4 27. Bh3+ Kg3 28. Rg5+ Kf2 29. Qxf4+ Qf3 30.
Rg2+ 1-0

[Event "SG Oesede-Georgsmarienhütte-SC Diogenes"]
[Site "?"]
[Date "2010.12.28"]
[Round "3.4"]
[White "Wang, Yanru"]
[Black "Lohmann, Anna"]
[Result "1-0"]
[WhiteElo "989"]
[BlackElo "740"]
[PlyCount "125"]
[EventDate "2010.??.??"]
[WhiteTeam "SG Oesede-Georgsmarienhütte"]
[BlackTeam "SC Diogenes"]

1. e4 e5 2. Nf3 Nc6 3. Bc4 Bc5 4. O-O Nf6 5. Nc3 d6 6. h3 O-O 7. a3 Be6 8. Bxe6
fxe6 9. d3 d5 10. Re1 Nd4 11. Nxe5 Qd6 12. Na4 b6 13. Nxc5 bxc5 14. Nf3 Nxf3+
15. Qxf3 Qe5 16. Qe2 Rf7 17. exd5 Qxd5 18. Qxe6 Raf8 19. Bd2 Qxe6 20. Rxe6 Nd5
21. f3 Rf6 22. Rae1 Rb8 23. b3 Kf7 24. R6e5 c6 25. c4 Nf4 26. Bxf4 Rxf4 27.
Rxc5 Rd4 28. Rb1 Rxd3 29. b4 Rxa3 30. Rxc6 Ra4 31. b5 a6 32. b6 Ke7 33. Rc7+
Kd6 34. Rd1+ Ke6 35. c5 Rb4 36. Rdd7 a5 37. Rd3 a4 38. Kf2 Rb5 39. g4 Ra5 40.
b7 a3 41. c6 a2 42. Rd1 a1=Q 43. Rxa1 Rxa1 44. Rc8 Rxb7 45. cxb7 Ra2+ 46. Kg3
Rb2 47. b8=Q Rxb8 48. Rxb8 g6 49. Rb5 Kf6 50. f4 h6 51. h4 Kg7 52. Rb6 Kf7 53.
h5 gxh5 54. Rxh6 hxg4 55. Kxg4 Kg7 56. Ra6 Kf7 57. Kg5 Ke7 58. f5 Kf7 59. Ra7+
Kf8 60. Kg6 Ke8 61. f6 Kd8 62. f7 Kc8 63. f8=Q# 1-0

[Event "USG Chemnitz-SV Welper 1922"]
[Site "?"]
[Date "2010.12.28"]
[Round "3.1"]
[White "Bork, Sophie"]
[Black "Oltmanns, Bianca"]
[Result "1-0"]
[WhiteElo "1196"]
[BlackElo "1475"]
[PlyCount "119"]
[EventDate "2010.??.??"]
[WhiteTeam "SV Welper 1922"]
[BlackTeam "USG Chemnitz"]

1. e4 {[%emt 0:00:00]} e5 2. Nf3 Nc6 3. Bc4 Nf6 4. d3 Bc5 5. c3 d6 6. Bg5 Bg4
7. Nbd2 O-O 8. O-O Qe7 9. a4 a6 10. b4 Ba7 11. Qb3 Nd8 12. h3 Be6 13. Nh4 h6
14. Be3 Bxe3 15. fxe3 Nh5 16. Nf5 Qd7 17. Rf2 c6 18. Bxe6 Nxe6 19. Nc4 Rad8 20.
Raf1 Kh7 21. Nfxd6 Nf6 22. Rd1 b5 23. axb5 axb5 24. Nxe5 Qxd6 25. Nf3 Nxe4 26.
Rff1 Nf6 27. c4 Qc7 28. cxb5 cxb5 29. Rc1 Qb6 30. d4 Ne4 31. Qd3 f5 32. Nh4 g6
33. Nf3 Nd6 34. Nd2 Rc8 35. Nb3 Ne4 36. Nc5 N6xc5 37. dxc5 Qc6 38. Rfd1 Rc7 39.
Qb3 Rff7 40. Qb2 Rcd7 41. Rd4 Nf6 42. Rcd1 Qe6 43. Qc3 Nd5 44. Qb3 Qxe3+ 45.
Qxe3 Nxe3 46. Rxd7 Rxd7 47. Rxd7+ Kg8 48. c6 Nc4 49. c7 Nb6 50. c8=Q+ Nxc8 51.
Rd8+ Kf7 52. Rxc8 Ke6 53. Rc5 g5 54. Rxb5 f4 55. Rc5 Kd6 56. Rc1 h5 57. b5 g4
58. hxg4 hxg4 59. b6 f3 60. gxf3 1-0

[Event "USG Chemnitz-SV Welper 1922"]
[Site "?"]
[Date "2010.12.28"]
[Round "3.2"]
[White "Münzner, Rebecca"]
[Black "Hütte, Sarah"]
[Result "1-0"]
[WhiteElo "1187"]
[BlackElo "889"]
[PlyCount "57"]
[EventDate "2010.??.??"]
[WhiteTeam "USG Chemnitz"]
[BlackTeam "SV Welper 1922"]

1. d4 g6 2. e3 Bg7 3. Nf3 d5 4. Bd3 h5 5. Nbd2 Bg4 6. h3 Bxf3 7. Nxf3 e6 8. c3
Ne7 9. e4 O-O 10. O-O Nbc6 11. Re1 Qd7 12. e5 Na5 13. b4 Nc4 14. Qb3 Nb6 15. a4
a5 16. b5 c6 17. bxc6 Qxc6 18. Ba3 Rfe8 19. Bb5 Qc7 20. Bd6 Qc8 21. Bxe8 Qxe8
22. Qxb6 Qd7 23. Bxe7 Qxe7 24. Rab1 Rc8 25. Qxa5 Qd7 26. Qb5 Qc7 27. Rec1 Rb8
28. a5 Ra8 29. Qxb7 1-0

[Event "USG Chemnitz-SV Welper 1922"]
[Site "?"]
[Date "2010.12.28"]
[Round "3.3"]
[White "Marx, Jasmin"]
[Black "Kluge, Leyla"]
[Result "0-1"]
[WhiteElo "1136"]
[BlackElo "1249"]
[PlyCount "168"]
[EventDate "2010.??.??"]
[WhiteTeam "SV Welper 1922"]
[BlackTeam "USG Chemnitz"]

1. d4 {[%emt 0:00:00]} d5 2. Nf3 Nf6 3. Bg5 Nc6 4. e3 Bf5 5. c3 e6 6. Bd3 Bxd3
7. Qxd3 Bd6 8. Nbd2 h6 9. Bh4 O-O 10. O-O Rc8 11. e4 Be7 12. Rfe1 Nxe4 13. Bxe7
Qxe7 14. Nxe4 dxe4 15. Qxe4 Rfe8 16. Rad1 Rcd8 17. Qg4 Qf6 18. Re4 Qf5 19. Rde1
Rd5 20. h3 Qxg4 21. Rxg4 Nb8 22. Re5 Nd7 23. Re2 Nf6 24. c4 Rdd8 25. Rg3 Nh5
26. Rg4 g5 27. Rge4 Nf6 28. Re5 Kg7 29. Rd2 c6 30. b3 Re7 31. Re3 Red7 32. Red3
c5 33. Kf1 cxd4 34. Rxd4 Rxd4 35. Rxd4 Rxd4 36. Nxd4 Ne4 37. Ke1 Kf6 38. a3 a6
39. Ke2 Nc5 40. b4 e5 41. Nf3 Nd7 42. Kd3 Kf5 43. c5 e4+ 44. Ke3 exf3 45. Kxf3
Ne5+ 46. Ke3 Nc4+ 47. Kd4 Nxa3 48. Kd5 Nb5 49. c6 bxc6+ 50. Kxc6 Nd4+ 51. Kb6
Nc2 52. Kc5 Ke4 53. Kc4 f5 54. Kc3 Na3 55. Kb3 Nb5 56. Kc4 h5 57. Kc5 Nd4 58.
Kb6 Nc2 59. Kc5 h4 60. Kc4 g4 61. Kc3 Na3 62. Kd2 Nc4+ 63. Ke2 Ne5 64. Kd2 f4
65. Ke1 gxh3 66. gxh3 Kf3 67. Kf1 Nd3 68. Kg1 Nxf2 69. Kh2 Nxh3 70. Kxh3 Ke2
71. Kxh4 f3 72. Kg4 f2 73. Kf4 f1=Q+ 74. Ke4 Qf6 75. Kd5 Kd3 76. Kc5 Qe5+ 77.
Kc6 Kc4 78. Kd7 Qf6 79. Kc7 Qe6 80. b5 axb5 81. Kd8 Qf7 82. Kc8 Kc5 83. Kd8 Kc6
84. Kc8 Qc7# 0-1

[Event "USG Chemnitz-SV Welper 1922"]
[Site "?"]
[Date "2010.12.28"]
[Round "3.4"]
[White "Jentzsch, Juliane"]
[Black "Schaller, Bettina"]
[Result "1-0"]
[WhiteElo "1091"]
[BlackElo "975"]
[PlyCount "177"]
[EventDate "2010.??.??"]
[WhiteTeam "USG Chemnitz"]
[BlackTeam "SV Welper 1922"]

1. c4 d6 2. Nc3 Nf6 3. g3 g6 4. Bg2 Bg7 5. Nf3 O-O 6. O-O Nbd7 7. d3 Nb6 8. Bd2
c6 9. Qc1 Bf5 10. Bh6 Qd7 11. Bxg7 Kxg7 12. Re1 Bh3 13. Bh1 Rfe8 14. a3 c5 15.
b4 Rac8 16. Ng5 Rc7 17. Nxh3 Qxh3 18. Bg2 Qf5 19. Nb5 Rd7 20. Nxa7 Ng4 21. Rf1
Qe5 22. e3 Nf6 23. Nb5 Na4 24. Qc2 Nb6 25. Qc3 Rb8 26. Qxe5 dxe5 27. bxc5 Na4
28. d4 exd4 29. exd4 Kg8 30. Rac1 Rdd8 31. c6 bxc6 32. Bxc6 Rb6 33. Bg2 Rbb8
34. Rfd1 Rbc8 35. Na7 Rc7 36. Nc6 Rdd7 37. Nb4 Nb2 38. Rd2 Nxc4 39. Rdc2 Rxd4
40. Bf1 Rcd7 41. Bxc4 Rd1+ 42. Rxd1 Rxd1+ 43. Kg2 Nd7 44. a4 Nb6 45. Bb5 Rd8
46. Nc6 Rd7 47. a5 Nd5 48. Rd2 Kg7 49. Nb4 Nf4+ 50. gxf4 Rxd2 51. a6 Rd1 52.
Nc2 Rd8 53. Bc6 Rc8 54. a7 Kh6 55. Bb7 Rd8 56. a8=Q Rxa8 57. Bxa8 e6 58. Ne3
Kg7 59. Bc6 Kf6 60. h4 h5 61. Kf3 Ke7 62. Ke4 Kf6 63. Bb7 Ke7 64. Ke5 Kf8 65.
Kf6 Ke8 66. Nc4 Kf8 67. Nd6 Kg8 68. Nxf7 Kh7 69. Kxe6 Kg7 70. Be4 Kh7 71. Kf6
Kg8 72. Kxg6 Kf8 73. Kxh5 Kg7 74. Ne5 Kf6 75. f5 Kxe5 76. Kg6 Kd6 77. f6 Kd7
78. Kg7 Ke6 79. f7 Ke5 80. f8=Q Kxe4 81. h5 Kd4 82. Qe7 Kd5 83. h6 Kd4 84. h7
Kd5 85. h8=R Kd4 86. Rd8+ Kc4 87. Qc7+ Kb5 88. Rb8+ Ka4 89. Qa7# 1-0

[Event "SK Freiburg-Zähringen 1887 e.V.-Chemnit"]
[Site "?"]
[Date "2010.12.28"]
[Round "3.1"]
[White "Hartewig, Anja"]
[Black "Bajorski, Maria Sophie"]
[Result "1/2-1/2"]
[WhiteElo "1404"]
[BlackElo "1357"]
[PlyCount "73"]
[EventDate "2010.??.??"]
[WhiteTeam "Chemnitzer SC Aufbau`95"]
[BlackTeam "SK Freiburg-Zähringen 1887 e.V."]

1. d4 d5 2. c4 e6 3. Nc3 c5 4. cxd5 exd5 5. Nf3 Nc6 6. g3 b6 7. Bg2 Bb7 8. O-O
cxd4 9. Nxd4 Nxd4 10. Qxd4 Ne7 11. Rd1 f6 12. Bf4 Rc8 13. Rac1 Qd7 14. Bxd5
Nxd5 15. Nxd5 Rd8 16. Qe3+ Kf7 17. Nc3 Qc6 18. Qf3 Qxf3 19. exf3 Rxd1+ 20. Rxd1
Bxf3 21. Rd7+ Kg6 22. Rxa7 Bc5 23. Be3 Re8 24. Rd7 Bc6 25. Rc7 Ba8 26. Ne2 Rd8
27. Nf4+ Kf5 28. Kf1 Bf3 29. g4+ Ke4 30. Ng2 Bxg4 31. Bxc5 bxc5 32. Rxg7 h5 33.
Ne3 Bf3 34. Rc7 Kd4 35. Rf7 Ke5 36. Rc7 Kd4 37. Rf7 1/2-1/2

[Event "SK Freiburg-Zähringen 1887 e.V.-Chemnitz"]
[Site "?"]
[Date "2010.12.28"]
[Round "3.2"]
[White "Hund, Sarah"]
[Black "Nitzsche, Pia"]
[Result "0-1"]
[WhiteElo "1270"]
[BlackElo "1522"]
[PlyCount "80"]
[EventDate "2010.??.??"]
[WhiteTeam "SK Freiburg-Zähringen 1887 e.V."]
[BlackTeam "Chemnitzer SC Aufbau`95"]

1. e4 c5 2. Nf3 d6 3. d4 cxd4 4. Nxd4 Nc6 5. Nc3 g6 6. Be3 Nf6 7. Bc4 Bg7 8.
Qd2 O-O 9. f3 Nd7 10. O-O-O Nb6 11. Bb3 Na5 12. Bh6 Nbc4 13. Bxc4 Nxc4 14. Qg5
e5 15. Qxd8 Bxh6+ 16. Kb1 Rxd8 17. Ndb5 a6 18. Nc7 Rb8 19. g4 Nd2+ 20. Ka1 Nxf3
21. Rd3 Bxg4 22. N7d5 Kg7 23. Ne3 Bxe3 24. Rxe3 Nd4 25. Kb1 Rbc8 26. Rg1 Be6
27. Rg2 b5 28. h4 Rd7 29. a3 a5 30. Nd5 Bxd5 31. exd5 Rdc7 32. c3 Nf5 33. Rh3
b4 34. Kc2 Nd4+ 35. Kd2 bxa3 36. bxa3 Nb5 37. h5 Nxc3 38. Ke1 Nxd5 39. hxg6
fxg6 40. Rgh2 Nf6 0-1

[Event "SK Freiburg-Zähringen 1887 e.V.-Chemnitz"]
[Site "?"]
[Date "2010.12.28"]
[Round "3.3"]
[White "Kempe, Anne"]
[Black "Krißmer, Maria"]
[Result "1-0"]
[WhiteElo "1391"]
[BlackElo "800"]
[PlyCount "113"]
[EventDate "2010.??.??"]
[WhiteTeam "Chemnitzer SC Aufbau`95"]
[BlackTeam "SK Freiburg-Zähringen 1887 e.V."]

1. e4 e5 2. Nf3 Nc6 3. Bc4 Bc5 4. c3 Nf6 5. d4 exd4 6. cxd4 Bb4+ 7. Bd2 Bxd2+
8. Nbxd2 d5 9. exd5 Nxd5 10. Qb3 Be6 11. O-O O-O 12. Qc2 Re8 13. a3 Qd7 14.
Rad1 g6 15. Nb3 Bf5 16. Qd2 Bg4 17. Nc5 Qd6 18. Nxb7 Qd7 19. Nc5 Qd6 20. Qd3
Nf4 21. Qb3 Re7 22. h3 Bxf3 23. Qxf3 Nxd4 24. Qxa8+ Kg7 25. Ne4 Qe5 26. Ng3 Rd7
27. Rfe1 Nde2+ 28. Bxe2 Nxe2+ 29. Nxe2 Rxd1 30. Rxd1 Qxe2 31. Qd5 a6 32. Qd2
Qe4 33. Qd4+ Qxd4 34. Rxd4 Kf6 35. Kf1 Ke6 36. Ke2 c5 37. Rc4 Kd5 38. Kd3 f5
39. Ra4 h5 40. Rxa6 g5 41. Rg6 g4 42. hxg4 fxg4 43. Rg5+ Kc6 44. Kc4 h4 45.
Rxc5+ Kd6 46. Rh5 h3 47. gxh3 g3 48. fxg3 Ke6 49. a4 Kf6 50. a5 Kg6 51. Rb5 Kf6
52. a6 Ke6 53. a7 Kd6 54. a8=Q Ke6 55. Qa6+ Kd7 56. Rb7+ Kc8 57. Qa8# 1-0

[Event "SK Freiburg-Zähringen 1887 e.V.-Chemnitz"]
[Site "?"]
[Date "2010.12.28"]
[Round "3.4"]
[White "Atabay, Hatun"]
[Black "Nobis, Anna"]
[Result "0-1"]
[WhiteElo "800"]
[BlackElo "1397"]
[PlyCount "104"]
[EventDate "2010.??.??"]
[WhiteTeam "SK Freiburg-Zähringen 1887 e.V."]
[BlackTeam "Chemnitzer SC Aufbau`95"]

1. e4 c5 2. Nf3 Nc6 3. Nc3 d6 4. Bb5 Bd7 5. Bxc6 Bxc6 6. d4 cxd4 7. Nxd4 Bd7 8.
Be3 Nf6 9. f3 e6 10. O-O Be7 11. g4 O-O 12. g5 Ne8 13. f4 a6 14. Kh1 e5 15. Nb3
exf4 16. Bxf4 Bxg5 17. Nd5 Bxf4 18. Rxf4 f5 19. Qf1 Nf6 20. Nd2 Nxd5 21. exd5
Qa5 22. Nf3 Qxd5 23. Qc4 Qxc4 24. Rxc4 Bc6 25. Rc3 Rae8 26. Rg1 Re2 27. Rg2
Rxg2 28. Kxg2 Rc8 29. Kg3 Bd7 30. Rd3 Rxc2 31. Rxd6 Bc8 32. Ne5 Kf8 33. Kf4 Ke7
34. Rh6 gxh6 35. h4 Rxb2 36. h5 Rxa2 37. Nd3 b5 38. Nb4 Ra4 39. Ke5 Rxb4 40.
Kd5 Bb7+ 41. Kc5 Rc4+ 42. Kb6 Bc8 43. Ka5 Kd7 44. Kb6 Rc6+ 45. Ka5 Kd6 46. Kb4
Kd5 47. Ka5 f4 48. Kb4 f3 49. Ka5 f2 50. Kb4 f1=Q 51. Kb3 Qb1+ 52. Ka3 Rc3# 0-1

[Event "SC Bechhofen-SV Muldental Wilkau-Haßlau"]
[Site "?"]
[Date "2010.12.28"]
[Round "3.1"]
[White "Cozma, Diana"]
[Black "Siegl, Melina"]
[Result "0-1"]
[WhiteElo "1258"]
[BlackElo "1483"]
[PlyCount "120"]
[EventDate "2010.??.??"]
[WhiteTeam "SV Muldental Wilkau-Haßlau"]
[BlackTeam "SC Bechhofen"]

1. e4 c5 2. Nf3 Nc6 3. d4 cxd4 4. Nxd4 Nf6 5. Nc3 e6 6. Bc4 Bb4 7. f3 Ne5 8.
Bb3 d5 9. exd5 Nxd5 10. Bxd5 Qxd5 11. O-O Bxc3 12. bxc3 Qc5 13. Kh1 O-O 14. Qe2
Qxc3 15. Bf4 Ng6 16. Be3 b6 17. Nb5 Qc6 18. Nd4 Qa4 19. Qd2 Bb7 20. c3 Rfd8 21.
Qb2 Ba6 22. Rfe1 Bc4 23. Bf2 Nf4 24. Qc2 Qxc2 25. Nxc2 Nd3 26. Rf1 Nxf2+ 27.
Rxf2 Rd3 28. Nd4 Rd8 29. Rc2 e5 30. Ne2 Rd2 31. Rxd2 Rxd2 32. Ng3 g6 33. Ne4
Rc2 34. a3 Kg7 35. Re1 {=} f5 36. Nd6 Rxc3 37. Ne8+ Kf7 38. Nd6+ Kf6 39. Ne8+
Kg5 40. Nd6 Kf4 41. Nxc4 Rxc4 42. Kg1 e4 43. Kf2 Rc2+ 44. Re2 e3+ 45. Kf1 Rc1+
46. Re1 Rxe1+ 47. Kxe1 Ke5 48. Ke2 f4 49. Kf1 Kd4 50. Ke2 b5 51. g3 g5 52. g4
h6 53. h3 a6 54. a4 b4 55. h4 gxh4 56. g5 hxg5 57. Kf1 h3 58. Kg1 e2 59. Kf2 h2
60. Kg2 e1=Q 0-1

[Event "SC Bechhofen-SV Muldental Wilkau-Haßlau"]
[Site "?"]
[Date "2010.12.28"]
[Round "3.2"]
[White "Alsheimer, Lea"]
[Black "Simon, Tessa"]
[Result "1-0"]
[WhiteElo "1034"]
[BlackElo "1241"]
[PlyCount "67"]
[EventDate "2010.??.??"]
[WhiteTeam "SC Bechhofen"]
[BlackTeam "SV Muldental Wilkau-Haßlau"]

1. f4 d5 2. b3 Nf6 3. Bb2 Bf5 4. h3 h5 5. d3 Nc6 6. Nf3 g6 7. Ne5 Nxe5 8. fxe5
Nh7 9. e6 f6 10. e3 Bg7 11. g4 hxg4 12. hxg4 Bxe6 13. Bg2 O-O 14. Nd2 Qd7 15.
Bf3 Rab8 16. Qe2 c5 17. O-O-O b5 18. Rh4 a5 19. Qh2 Ng5 20. Be2 Qd6 21. Qg2 a4
22. Nf3 Nxf3 23. Bxf3 axb3 24. cxb3 c4 25. bxc4 bxc4 26. dxc4 Qc5 27. Bxd5 Bxd5
28. Qxd5+ Qxd5 29. Rxd5 Rfc8 30. c5 e6 31. Rd7 Rxc5+ 32. Kb1 f5 33. Rxg7+ Kf8
34. Rh8# 1-0

[Event "SC Bechhofen-SV Muldental Wilkau-Haßlau"]
[Site "?"]
[Date "2010.12.28"]
[Round "3.3"]
[White "Fromm, Katja"]
[Black "Böse, Christina"]
[Result "1-0"]
[WhiteElo "1251"]
[BlackElo "859"]
[PlyCount "95"]
[EventDate "2010.??.??"]
[WhiteTeam "SV Muldental Wilkau-Haßlau"]
[BlackTeam "SC Bechhofen"]

1. d4 {[%emt 0:00:00]} Nf6 {[%emt 0:00:00]} 2. c4 e6 3. Nc3 d5 4. Bg5 Be7 5.
Nf3 Nbd7 6. e3 b6 7. Be2 Bb7 8. O-O O-O 9. h3 Re8 10. a3 h6 11. Bh4 Ne4 12.
Bxe7 Qxe7 13. Nxe4 dxe4 14. Nd2 a5 15. Qc2 Nf6 16. c5 bxc5 17. dxc5 Qd7 18. b4
Red8 19. Rfd1 axb4 20. Nb3 Bd5 21. axb4 Rxa1 22. Rxa1 Bxb3 23. Qxb3 Qd2 24. Rd1
Qxe2 25. Rxd8+ Kh7 26. Qd1 Qb2 27. Qe1 Qe5 28. c6 Qb5 29. Qc3 Nd5 30. Qc5 Qxc5
31. bxc5 Ne7 32. Rd7 Nxc6 33. Rxc7 Ne5 34. c6 Kg6 35. Rc8 Nxc6 36. Rxc6 Kf5 37.
Rc7 Kf6 38. f3 exf3 39. gxf3 g5 40. Kg2 Kg6 41. Kg3 f6 42. h4 e5 43. hxg5 hxg5
44. Rc6 Kf5 45. e4+ Kg6 46. Kg4 Kg7 47. Kf5 g4 48. Rxf6 1-0

[Event "SC Bechhofen-SV Muldental Wilkau-Haßlau"]
[Site "?"]
[Date "2010.12.28"]
[Round "3.4"]
[White "Dobler, Leonie"]
[Black "Schlemmer, Elisabeth"]
[Result "0-1"]
[WhiteElo "753"]
[BlackElo "999"]
[PlyCount "70"]
[EventDate "2010.??.??"]
[WhiteTeam "SC Bechhofen"]
[BlackTeam "SV Muldental Wilkau-Haßlau"]

1. e4 c5 2. Nc3 Nc6 3. Nf3 g6 4. g3 d6 5. d3 Bg7 6. Nd5 Nf6 7. Bg2 O-O 8. c3
Bg4 9. O-O e6 10. Nxf6+ Bxf6 11. h3 Bxf3 12. Bxf3 Bg7 13. Bg2 Ne5 14. Rb1 Qa5
15. b4 cxb4 16. cxb4 Qb5 17. d4 Nc6 18. d5 exd5 19. exd5 Ne5 20. a4 Qd7 21. b5
Rfe8 22. Bb2 Rac8 23. f4 Nc4 24. Rf3 Nxb2 25. Qf1 Nc4 26. Qf2 a6 27. h4 axb5
28. axb5 Rc5 29. Rd3 Rxb5 30. Rxb5 Qxb5 31. Qf3 Qb1+ 32. Rd1 Re1+ 33. Rxe1
Qxe1+ 34. Qf1 Qc3 35. Qf2 Bd4 0-1

[Event "SV 1932 Homburg-Erbach-SV Lingen"]
[Site "?"]
[Date "2010.12.28"]
[Round "3.1"]
[White "Edel, Fenja"]
[Black "Müller, Sophie"]
[Result "1-0"]
[WhiteElo "1203"]
[BlackElo "1283"]
[PlyCount "49"]
[EventDate "2010.??.??"]
[WhiteTeam "SV Lingen"]
[BlackTeam "SV 1932 Homburg-Erbach"]

1. e4 e6 2. d4 d5 3. exd5 exd5 4. c4 c6 5. Nc3 Bb4 6. h3 Nf6 7. Nf3 O-O 8. Be2
Re8 9. O-O Nbd7 10. Bg5 Bxc3 11. bxc3 h6 12. Bh4 Qa5 13. Qd3 Ne4 14. Rfc1 dxc4
15. Qxc4 Nb6 16. Qd3 Bf5 17. Ne5 f6 18. Qf3 fxe5 19. Qxf5 Nxc3 20. Bd3 Reb8 21.
Qe6+ Kh8 {=} 22. Qg6 Kg8 23. Bf6 Kf8 24. Qxg7+ Ke8 25. Qe7# 1-0

[Event "SV 1932 Homburg-Erbach-SV Lingen"]
[Site "?"]
[Date "2010.12.28"]
[Round "3.2"]
[White "Boussonville, Anna"]
[Black "Thole, Ann-Christin"]
[Result "0-1"]
[WhiteElo "1023"]
[BlackElo "1288"]
[PlyCount "98"]
[EventDate "2010.??.??"]
[WhiteTeam "SV 1932 Homburg-Erbach"]
[BlackTeam "SV Lingen"]

1. e4 c5 2. Bc4 e6 3. Nc3 Nc6 4. Nf3 Nge7 5. d3 d5 6. exd5 exd5 7. Bb5 a6 8.
Bxc6+ Nxc6 9. O-O Bg4 10. h3 Bh5 11. Qe1+ Be7 12. Bf4 Bxf3 13. gxf3 Nd4 14. Qd1
O-O 15. Re1 Ne6 16. Be5 d4 17. Ne4 Qd5 18. Bg3 f5 19. Nd2 f4 20. Bh2 Rf6 21.
Ne4 Rg6+ 22. Kf1 Qh5 23. Bg1 Qxh3+ 24. Ke2 Ng5 25. Nxg5 Bxg5 26. Kd2 Re6 27.
Kc1 Rae8 28. Rxe6 Qxe6 29. b3 Qe1 30. Qxe1 Rxe1+ 31. Kb2 Rxa1 32. Kxa1 h5 33.
Bh2 Kf7 34. Kb1 Ke6 35. c4 h4 36. a4 h3 37. a5 Kf5 38. Kc1 Bh4 39. Kd2 Bxf2 40.
Ke2 Bg3 41. Bxg3 fxg3 42. Kf1 Kf4 43. Kg1 Kxf3 44. Kh1 g2+ 45. Kh2 Kf2 46. Kxh3
g1=Q 47. Kh4 Kf3 48. Kh5 Kf4 49. Kh4 Qh2# 0-1

[Event "SV 1932 Homburg-Erbach-SV Lingen"]
[Site "?"]
[Date "2010.12.28"]
[Round "3.3"]
[White "Schlichter, Lisa"]
[Black "Friedel, Laura"]
[Result "1-0"]
[WhiteElo "1007"]
[BlackElo "747"]
[PlyCount "99"]
[EventDate "2010.??.??"]
[WhiteTeam "SV Lingen"]
[BlackTeam "SV 1932 Homburg-Erbach"]

1. e4 {[%emt 0:00:00]} e5 2. Nf3 Nc6 3. Bc4 Bc5 4. c3 Qf6 5. d3 Nge7 6. Bg5 Qg6
7. O-O O-O 8. Nbd2 Qh5 9. b4 Ng6 10. bxc5 h6 11. Be3 Nh4 12. Nxh4 Qxh4 13. Nf3
Qg4 14. d4 Na5 15. Be2 Re8 16. Nxe5 Qxe4 17. Bh5 Re7 18. Rb1 d6 19. cxd6 cxd6
20. Nd3 Be6 21. Bf3 Qg6 22. a3 Bh3 23. Nf4 Qg5 24. Nxh3 Qh4 25. Re1 Re6 26.
Bxb7 Nxb7 27. Rxb7 Rf8 28. Rxa7 Rg6 29. Nf4 Rg5 30. Rd7 Rf5 31. Nd3 Rh5 32. Bf4
Rf5 33. Bg3 Qg5 34. Rxd6 Rb5 35. c4 Ra5 36. Re5 Rxe5 37. Nxe5 Qe7 38. c5 Qb7
39. c6 Qc7 40. Rd7 Qc8 41. d5 Qe8 42. c7 Qc8 43. Qb3 Qe8 44. Qb6 Qc8 45. Rd8
Qf5 46. Rxf8+ Kh7 47. c8=Q Qxc8 48. Rxc8 f6 49. Qb1+ g6 50. Qxg6# 1-0

[Event "SV 1932 Homburg-Erbach-SV Lingen"]
[Site "?"]
[Date "2010.12.28"]
[Round "3.4"]
[White "Haas, Vanessa"]
[Black "Möller, Hannah"]
[Result "1/2-1/2"]
[WhiteElo "812"]
[BlackElo "954"]
[PlyCount "73"]
[EventDate "2010.??.??"]
[WhiteTeam "SV 1932 Homburg-Erbach"]
[BlackTeam "SV Lingen"]

1. d4 d5 2. Bf4 Bf5 3. e3 e6 4. Bd3 Bd6 5. Bxd6 Bxd3 6. Qxd3 Qxd6 7. Nf3 Nf6 8.
Nbd2 Nc6 9. e4 Qd7 10. O-O O-O 11. e5 Nh5 12. Ng5 g6 13. Rfe1 Qe7 14. Ndf3 f6
15. Nh3 Kh8 16. c3 Rg8 17. Nh4 g5 18. Nf3 g4 19. Nh4 gxh3 20. Qxh3 f5 21. Nf3
Nf4 22. Qh6 Nd3 23. Re2 Rg6 24. Qh5 Nf4 25. Qh4 Nxe2+ 26. Kf1 Nxc3 27. bxc3
Rag8 28. g3 Qa3 29. Rb1 b6 30. Qh5 Qxc3 31. Kg2 Nxd4 32. Nh4 Rg5 33. Qf7 Qd3
34. Qf6+ R5g7 35. Ng6+ hxg6 36. Qh4+ Rh7 37. Qf6+ 1/2-1/2